000 00350 a2200157 4500
001 71207
020 _a8516030962
040 _cAnchieta - Colégio São Paulo
100 _aQueirós, Bartolemeu Campos de
240 1 0 _aFaca afiada
_lpor
245 1 0 _aFaca afiada
300 _a31
362 0 _a2010
650 4 _aLiteratura infantil
942 _cBK
999 _c71207
_d71207